Arab League Countries that Recognize Israel - Statistics

General Stats
  • This quiz has been taken 158 times
  • The average score is 5 of 7
Answer Stats
Answer % Correct
United Arab Emirates
91%
Egypt
89%
Morocco
89%
Jordan
86%
Bahrain
80%
Sudan
70%
Palestine
18%
No matching quizzes found
Score Distribution
Percent of People with Each Score
Percentile by Number Answered
Your Score History
You have not taken this quiz